<?xml version="1.0" encoding="UTF-8"?>
<record
    xmlns:xsi="http://www.w3.org/2001/XMLSchema-instance"
    xsi:schemaLocation="http://www.loc.gov/MARC21/slim http://www.loc.gov/standards/marcxml/schema/MARC21slim.xsd"
    xmlns="http://www.loc.gov/MARC21/slim">

  <leader>01674nam a22002897a 4500</leader>
  <controlfield tag="003">DO-SdBNP</controlfield>
  <controlfield tag="005">20221121133815.0</controlfield>
  <controlfield tag="007">ta</controlfield>
  <controlfield tag="008">210707e2003    dr abd|er|||| 001 0 spa d</controlfield>
  <datafield tag="040" ind1=" " ind2=" ">
    <subfield code="a">DO-SdBNP</subfield>
    <subfield code="b">spa</subfield>
    <subfield code="c">BNPHU</subfield>
  </datafield>
  <datafield tag="041" ind1=" " ind2=" ">
    <subfield code="h">spa</subfield>
  </datafield>
  <datafield tag="082" ind1=" " ind2="4">
    <subfield code="b">C755p</subfield>
    <subfield code="2">22</subfield>
  </datafield>
  <datafield tag="110" ind1="2" ind2=" ">
    <subfield code="a">Consejo Regional de Desarrollo (CRD)</subfield>
    <subfield code="9">79133</subfield>
  </datafield>
  <datafield tag="245" ind1="0" ind2="0">
    <subfield code="a">Proyecto: </subfield>
    <subfield code="b">ferrocarril internacional nordeste- dominico- haitiano /</subfield>
  </datafield>
  <datafield tag="260" ind1=" " ind2=" ">
    <subfield code="a">San Francisco de Macor&#xED;s, Rep&#xFA;blica Dominicana :</subfield>
    <subfield code="b">Imprenta Primo,</subfield>
    <subfield code="c">2003.</subfield>
  </datafield>
  <datafield tag="300" ind1=" " ind2=" ">
    <subfield code="a">68 p. :</subfield>
    <subfield code="b">il., graf., retr. ;</subfield>
    <subfield code="c">21 cm.</subfield>
  </datafield>
  <datafield tag="505" ind1="2" ind2=" ">
    <subfield code="a">Introducci&#xF3;n.</subfield>
    <subfield code="t">1. Prop&#xF3;sito.--</subfield>
    <subfield code="t">2. Historia del Ferrocarril en el Cibao.--</subfield>
    <subfield code="t">3. Incidencia de la Construcci&#xF3;n de los Ferrocarriles en la Econom&#xED;a Regional.--</subfield>
    <subfield code="t">4. Justificaci&#xF3;n de la propuesta.--</subfield>
    <subfield code="t">5. Impacto Beneficios-Usuarios.--</subfield>
    <subfield code="t">6. Justificaci&#xF3;n del Proyecto de Conexi&#xF3;n con Hait&#xED;.--</subfield>
    <subfield code="t">7. Ruta de Ferrocarril Internacional.--</subfield>
    <subfield code="t">8. Caracter&#xED;sticas T&#xE9;cnicas del Ferrocarril Nordeste-Dominicana-Hait&#xED;.--</subfield>
    <subfield code="t">Consejo de Directores del CRD.--</subfield>
    <subfield code="t">Consejo de asesores del CRD.--</subfield>
    <subfield code="t">Publicaciones del Realizadas por el CRD.</subfield>
  </datafield>
  <datafield tag="590" ind1=" " ind2=" ">
    <subfield code="a">Inventariado, 2022/BT</subfield>
  </datafield>
  <datafield tag="610" ind1=" " ind2="4">
    <subfield code="9">79133</subfield>
    <subfield code="a">Consejo Regional de Desarrollo (CRD)</subfield>
  </datafield>
  <datafield tag="650" ind1=" " ind2="4">
    <subfield code="9">30578</subfield>
    <subfield code="a">Proyectos de Desarrollo Econ&#xF3;mico</subfield>
    <subfield code="x">Evaluaci&#xF3;n</subfield>
    <subfield code="z">San Francisco de Macor&#xED;s (Rep&#xFA;blica Dominicana)</subfield>
  </datafield>
  <datafield tag="650" ind1=" " ind2=" ">
    <subfield code="9">30579</subfield>
    <subfield code="a">Proyecto de Desarrollo Econ&#xF3;micos</subfield>
    <subfield code="x">Aspectos Sociales</subfield>
    <subfield code="z">San Francisco de Macor&#xED;s (Rep&#xFA;blica Dominicana)</subfield>
  </datafield>
  <datafield tag="650" ind1=" " ind2="4">
    <subfield code="9">76457</subfield>
    <subfield code="a">Proyectos</subfield>
    <subfield code="z">Rep&#xFA;blica Dominicana</subfield>
  </datafield>
  <datafield tag="650" ind1=" " ind2="4">
    <subfield code="9">17702</subfield>
    <subfield code="a">Ferrocarriles</subfield>
    <subfield code="x">Historia</subfield>
    <subfield code="y">1975-1980</subfield>
    <subfield code="z">Rep&#xFA;blica Dominicana</subfield>
  </datafield>
  <datafield tag="650" ind1=" " ind2="4">
    <subfield code="9">12108</subfield>
    <subfield code="a">Ferrocarriles</subfield>
    <subfield code="z">Rep&#xFA;blica Dominicana</subfield>
  </datafield>
  <datafield tag="910" ind1=" " ind2=" ">
    <subfield code="a">MFeliz</subfield>
  </datafield>
  <datafield tag="942" ind1=" " ind2=" ">
    <subfield code="2">ddc</subfield>
    <subfield code="c">LBS1</subfield>
  </datafield>
  <datafield tag="952" ind1=" " ind2=" ">
    <subfield code="0">0</subfield>
    <subfield code="1">0</subfield>
    <subfield code="2">ddc</subfield>
    <subfield code="5">1</subfield>
    <subfield code="7">0</subfield>
    <subfield code="8">PD</subfield>
    <subfield code="a">BNPHU</subfield>
    <subfield code="b">BNPHU</subfield>
    <subfield code="c">CT</subfield>
    <subfield code="d">2018-07-07</subfield>
    <subfield code="e">Doando por CERTV</subfield>
    <subfield code="o">C755p</subfield>
    <subfield code="p">2021-2455</subfield>
    <subfield code="r">2021-07-07</subfield>
    <subfield code="w">2021-07-07</subfield>
    <subfield code="y">LBS1</subfield>
  </datafield>
  <datafield tag="952" ind1=" " ind2=" ">
    <subfield code="0">0</subfield>
    <subfield code="1">0</subfield>
    <subfield code="2">ddc</subfield>
    <subfield code="5">1</subfield>
    <subfield code="7">0</subfield>
    <subfield code="8">PD</subfield>
    <subfield code="a">BNPHU</subfield>
    <subfield code="b">BNPHU</subfield>
    <subfield code="c">CT</subfield>
    <subfield code="d">2022-11-21</subfield>
    <subfield code="e">Donaci&#xF3;n</subfield>
    <subfield code="l">0</subfield>
    <subfield code="o">C755p</subfield>
    <subfield code="p">2022-5528</subfield>
    <subfield code="r">2022-11-21</subfield>
    <subfield code="w">2022-11-21</subfield>
    <subfield code="y">LBS1</subfield>
  </datafield>
  <datafield tag="999" ind1=" " ind2=" ">
    <subfield code="c">50066</subfield>
    <subfield code="d">50066</subfield>
  </datafield>
</record>
